| 000 | 00535cam a22002171 4500 | ||
|---|---|---|---|
| 001 | sa 63000760 | ||
| 003 | DLC | ||
| 005 | 20260227111923.0 | ||
| 008 | 890918s1962 ii a 000 0 gujo | ||
| 010 | _asa 63000760 | ||
| 035 | _a(OCoLC)20361447 | ||
| 040 |
_aDLC _cWaU _dDLC |
||
| 042 | _apremarc | ||
| 050 | 0 | 0 |
_aDS481.K29 _bG3 |
| 100 | 1 |
_aGandhi, _cMahatma, _d1869-1948. |
|
| 245 | 1 | 0 | _aTriveṇī saṅgama. |
| 260 | _c[1962] | ||
| 300 |
_a159 p. _billus. _c19 cm. |
||
| 500 | _aIn Gujarati. | ||
| 700 | 1 | _aKalarthi, Mukulbhai. | |
| 999 |
_c53616 _d53616 |
||